| 000 | 00619nam a22001937a 4500 | ||
|---|---|---|---|
| 008 | 120730s2012 nyua 001 0 eng | ||
| 020 | _a9780071772518 | ||
| 041 | 0 | _aeng | |
| 080 | _a681.5 | ||
| 100 | 1 | _aWitte, Greg. | |
| 245 | 1 | 0 |
_aSecurity automation essentials : _cGreg Witte, Melanie Cook, Matt Kerr, Shane Shaffer. |
| 260 |
_aUnited States of America: _bMcGraw-Hill; _c2012 |
||
| 300 |
_a269 f. : _bme il.; _c23 cm |
||
| 505 | _aIndex: f. 253 - 269 | ||
| 650 | 0 | _aOrganizimi | |
| 650 | 0 | _aSigurimi | |
| 650 | 0 | _aKompjuterat | |
| 942 |
_2udc _cBK |
||
| 999 |
_c654 _d654 |
||